000 01112nam a2200325 a 4500
001 000111891
003 CHAP
005 20220329144234.0
008 150929s2014 mx a |r| ||||||spa d
010 _a108352
011 _a109324
020 _a9786070261732
040 _cCHAP
082 0 4 _a662.88
_bB61
245 1 0 _aBiocombustibles en México :
_buna alternativa para la reducción de la dependencia de los hidrocarburos y la mitigación de los gases de efecto invernadero /
_ccoordinado por Alejandro Álvarez Bejar y Nora Lina Montes Delgado.
260 _aMéxico, D.F. :
_bUNAM,
_c2014.
300 _a235 p.
504 _aIncluye bibliografía
590 _aE11695DGD
_b10
_c20151002
_lUCH01
_h0807
590 _aE5995AHE
_b05
_c20150929
_lUCH01
_h1339
650 1 4 _aBioenergía.
_912731
650 1 4 _aCombustibles.
_925554
650 1 4 _aCultivos bioenergéticos.
_9124868
650 1 4 _aMedio ambiente
_xProtección.
_974106
700 1 _aÁlvarez Bejar, Alejandro
_e, coord.
_9129887
700 1 _aMontes Delgado, Nora Lina
_e, coord.
_9129888
901 _aBK
942 _cLIBRO
942 _n0
999 _c108352
_d108352